00382nam a22001217a 4500082003100000100001500031245007800046250001200124260004700136300003200183526003700215650000800252 a624.18341bERIcL-19, P-33 aEriksen B. aTheory and practice of structural design, applied tp reinforced concrete. a1st ed. aGreat Britain.bButler & Tanner Ltd.c1953 avi, 399 p. :bill. :c56 Cm a0b0c0d624_183410000000000_ERI aMCE